000
00322nam a22001457a 4500
008
210301b ||||| |||| 00| 0 eng d
020
_a
0070708916
041
_a
eng
080
_2
12th
_a
61
082
_a
61
100
_a
3
101
_a
SHM
245
_a
Principles of Internal Medicine
_c
Wilson, J.D
942
_2
udc
_c
BK
999
_c
55395
_d
55395